General studies for civil services prliminary examination: (Record no. 158648)

MARC details
000 -LEADER
fixed length control field 01358nam a22003017a 4500
005 - DATE AND TIME OF LATEST TRANSACTION
control field 20181110144555.0
010 ## - LCCN (DPL NO)
LC control number ENG-124464-69
020 ## - INTERNATIONAL STANDARD BOOK NUMBER
International Standard Book Number 9789353065706 (Combo Pack)
Terms of availability 1599.00 (Set of six vols. Price)
020 ## - INTERNATIONAL STANDARD BOOK NUMBER
International Standard Book Number 9789353065812 (Vol.1)
020 ## - INTERNATIONAL STANDARD BOOK NUMBER
International Standard Book Number 9789353065829 (Vol.2)
020 ## - INTERNATIONAL STANDARD BOOK NUMBER
International Standard Book Number 9789353065836 (Vol.3)
020 ## - INTERNATIONAL STANDARD BOOK NUMBER
International Standard Book Number 9789353065843 (Vol.4)
020 ## - INTERNATIONAL STANDARD BOOK NUMBER
International Standard Book Number 9789353065850 (Vol.5)
020 ## - INTERNATIONAL STANDARD BOOK NUMBER
International Standard Book Number 9789353065867 (Vol.6)
035 ## - SYSTEM CONTROL NUMBER
System control number EN-107996-108001
037 ## - SOURCE OF ACQUISITION
Source of stock number/acquisition DBAD/PUB
082 ## - DEWEY DECIMAL CLASSIFICATION NUMBER
Classification number 000
100 ## - MAIN ENTRY--PERSONAL NAME
Personal name Thorpe, Edgar
245 ## - TITLE STATEMENT
Title General studies for civil services prliminary examination:
Remainder of title paper -1/
Statement of responsibility, etc by Edgar Thorpe [and] Showick Thorpe; ed. by Sharel Simon [and] G. Sharmilee
260 ## - PUBLICATION, DISTRIBUTION, ETC. (IMPRINT)
Place of publication, distribution, etc New Delhi
Name of publisher, distributor, etc Pearson
Date of publication, distribution, etc 2019
270 ## - ADDRESS
Address 14 Local Shopping Centre, Panchsheel Park
City New Delhi
Postal code 110017
300 ## - PHYSICAL DESCRIPTION
Extent 6 vols.(lviii,various paging; vi,various paging; viii,various paging;ix,various paging;viii,various paging; vii,various paging)
Dimensions 25cm. (pbk)
Other physical details ill. picture
505 ## - FORMATTED CONTENTS NOTE
Formatted contents note Vol.1 - General Knowledge and Current Affairs<br/>Vol. 2- Indian Polity and Governance<br/>Vol. 3- Indian Economy<br/>Vol. 4- Geography and Environmental Ecology<br/>Vol. 5- General Science<br/>Vol. 6- History and Culture
700 ## - ADDED ENTRY--PERSONAL NAME
Personal name Thorpe, Showick
700 ## - ADDED ENTRY--PERSONAL NAME
Personal name Simon, Sharel
700 ## - ADDED ENTRY--PERSONAL NAME
Personal name Sharmilee, G.
942 ## - ADDED ENTRY ELEMENTS (KOHA)
Source of classification or shelving scheme Dewey Decimal Classification
Item type English Books
Classification part 000
Call number suffix THO
Holdings
Withdrawn status Lost status Materials specified (bound volume or other part) Not for loan Collection code Home library Current library Date acquired Source of acquisition Cost, normal purchase price Full call number Barcode Copy number Cost, replacement price Koha item type
    vol.1 Not For Loan Non-fiction D.B.Act.Division Bawana 10/11/2018 DBAD/PUB 1599.00 000 THO EN-107996 1 1599.00 English Books
    vol.2 Not For Loan Non-fiction D.B.Act.Division Bawana 10/11/2018 DBAD/PUB 1599.00 000 THO EN-107997 1 1599.00 English Books
    vol.3 Not For Loan Non-fiction D.B.Act.Division Bawana 10/11/2018 DBAD/PUB 1599.00 000 THO EN-107998 1 1599.00 English Books
    vol.4 Not For Loan Non-fiction D.B.Act.Division Bawana 10/11/2018 DBAD/PUB 1599.00 000 THO EN-107999 1 1599.00 English Books
    vol.5 Not For Loan Non-fiction D.B.Act.Division Bawana 10/11/2018 DBAD/PUB 1599.00 000 THO EN-108000 1 1599.00 English Books
    vol.6 Not For Loan Non-fiction D.B.Act.Division Bawana 10/11/2018 DBAD/PUB 1599.00 000 THO EN-108001 1 1599.00 English Books

© Delhi Public Library
Hit Counter
free hit counter